[Event "CZE-ch U16 Girls"]
[Site "Sec u Chrudimi"]
[Date "2008.03.13"]
[Round "7"]
[White "Sediva, Kamila"]
[Black "Urgacsova, Sara"]
[Result "1-0"]
[WhiteElo "1250"]
[BlackElo "1250"]
[PlyCount "73"]
[EventDate "2008.03.08"]
[EventType "swiss"]
[EventRounds "9"]
[EventCountry "CZE"]
[SourceTitle "EXT 2009"]
[Source "ChessBase"]
[SourceDate "2008.11.26"]
[SourceVersion "1"]
[SourceVersionDate "2008.11.26"]
[SourceQuality "1"]

1. e4 e5 2. Nf3 Nc6 3. Nc3 Bc5 4. Bc4 Na5 5. Bb3 Nxb3 6. axb3 Nf6 7. Nxe5 Qe7 8. d4 0-0 9. 0-0 d6 10. Nc4 Bb4 11. Re1 b5 12. Nd2 Bxc3 13. bxc3 Bb7 14. Qf3 Rfe8 15. d5 Bxd5 16. Qd3 a6 17. Bb2 Bxe4 18. Nxe4 Nxe4 19. f3 Nc5 20. Qd4 Qg5 21. c4 Rxe1+ 22. Rxe1 b4 23. Bc1 Qf5 24. Re7 Qxc2 25. Qe3 h6 26. Qf4 Rf8 27. Rxc7 Nxb3 28. Be3 Qd3 29. Rd7 Qb1+ 30. Kf2 Qa2+ 31. Kg3 Na5 32. c5 b3 33. Qg4 g5 34. h4 f6 35. Qe6+ Kh8 36. Qe7 Rf7 37. Qxf7 1-0

[Event "CZE-ch U14 Girls"]
[Site "Sec u Chrudimi"]
[Date "2007.03.12"]
[Round "3"]
[White "Sediva, Kamila"]
[Black "Mala, Michaela"]
[Result "0-1"]
[WhiteElo "1250"]
[BlackElo "1399"]
[PlyCount "34"]
[EventDate "2007.03.10"]
[EventType "swiss"]
[EventRounds "9"]
[EventCountry "CZE"]
[SourceTitle "EXT 2008"]
[Source "ChessBase"]
[SourceDate "2007.11.25"]
[SourceVersion "1"]
[SourceVersionDate "2007.11.25"]
[SourceQuality "1"]

1. e4 c6 2. d4 d5 3. exd5 cxd5 4. Nf3 Nc6 5. Bd3 Nf6 6. 0-0 e6 7. Bf4 Qb6 8. Nc3 Qxb2 9. Qd2 Qb6 10. Rfe1 Bb4 11. Rab1 Qa5 12. Rb3 0-0 13. Bh6 Ne7 14. Bxg7 Kxg7 15. Qg5+ Ng6 16. Ne5 Bxc3 17. Re3 Bxd4 0-1

[Event "CZE-ch U14 Girls"]
[Site "Zlate Hory"]
[Date "2006.03.18"]
[Round "9"]
[White "Sediva, Kamila"]
[Black "Novotna, Kristyna"]
[Result "0-1"]
[WhiteElo "1250"]
[BlackElo "1250"]
[PlyCount "42"]
[EventDate "2006.03.11"]
[EventType "swiss"]
[EventRounds "9"]
[EventCountry "CZE"]
[SourceTitle "EXT 2008"]
[Source "ChessBase"]
[SourceDate "2007.11.25"]
[SourceVersion "1"]
[SourceVersionDate "2007.11.25"]
[SourceQuality "1"]

1. e4 e6 2. d4 d5 3. Nd2 Nf6 4. e5 Nfd7 5. Bd3 Nc6 6. c3 f6 7. Qh5+ Ke7 8. Ne2 fxe5 9. Qh4+ Nf6 10. Nf3 e4 11. Bxe4 dxe4 12. Ne5 Ke8 13. Qg5 Nxe5 14. dxe5 Nd5 15. Qd2 Bc5 16. Nd4 Rf8 17. 0-0 Qh4 18. b4 Bxd4 19. cxd4 b6 20. Qe2 Nf4 21. Qxe4 Nh3+ 0-1

[Event "CZE-ch U14 Girls"]
[Site "Zlate Hory"]
[Date "2006.03.17"]
[Round "8"]
[White "Tomeckova, Aneta"]
[Black "Sediva, Kamila"]
[Result "1-0"]
[WhiteElo "1250"]
[BlackElo "1250"]
[PlyCount "57"]
[EventDate "2006.03.11"]
[EventType "swiss"]
[EventRounds "9"]
[EventCountry "CZE"]
[SourceTitle "EXT 2008"]
[Source "ChessBase"]
[SourceDate "2007.11.25"]
[SourceVersion "1"]
[SourceVersionDate "2007.11.25"]
[SourceQuality "1"]

1. e4 e5 2. Nf3 Nc6 3. d4 exd4 4. Nxd4 Be7 5. Nxc6 bxc6 6. Nc3 d6 7. Be2 Nf6 8. 0-0 0-0 9. b3 d5 10. exd5 cxd5 11. Bb2 Bb7 12. h3 Re8 13. Bf3 c6 14. Re1 Qd7 15. a3 Rad8 16. Ne2 c5 17. c3 Bd6 18. Qd2 Bc7 19. Ng3 Qb5 20. b4 c4 21. Nh5 Ne4 22. Qd4 Be5 23. Qxa7 Nxc3 24. Rxe5 Rxe5 25. Bxc3 Re6 26. Nxg7 Re7 27. Qd4 Qc6 28. Nf5 Re1+ 29. Rxe1 1-0

[Event "CZE-ch U14 Girls"]
[Site "Zlate Hory"]
[Date "2006.03.14"]
[Round "4"]
[White "Sediva, Kamila"]
[Black "Spererova, Katerina"]
[Result "0-1"]
[WhiteElo "1250"]
[BlackElo "1250"]
[PlyCount "44"]
[EventDate "2006.03.11"]
[EventType "swiss"]
[EventRounds "9"]
[EventCountry "CZE"]
[SourceTitle "EXT 2008"]
[Source "ChessBase"]
[SourceDate "2007.11.25"]
[SourceVersion "1"]
[SourceVersionDate "2007.11.25"]
[SourceQuality "1"]

1. e4 c5 2. Nf3 d6 3. d4 cxd4 4. Nxd4 Nf6 5. Nc3 g6 6. Bd3 Bg7 7. 0-0 0-0 8. Be3 Nc6 9. f4 Ng4 10. Nxc6 bxc6 11. Qe2 c5 12. f5 Nxe3 13. Qxe3 Bd4 14. Rae1 Bxe3+ 15. Rxe3 Qb6 16. Nd1 Bb7 17. fxg6 fxg6 18. Ref3 Rxf3 19. Rxf3 c4+ 20. Kh1 cxd3 21. cxd3 Rf8 22. Rxf8+ Kxf8 0-1

[Event "CZE-ch U14 Girls"]
[Site "Zlate Hory"]
[Date "2006.03.12"]
[Round "2"]
[White "Zorklerova, Eliska"]
[Black "Sediva, Kamila"]
[Result "1-0"]
[WhiteElo "1250"]
[BlackElo "1250"]
[PlyCount "135"]
[EventDate "2006.03.11"]
[EventType "swiss"]
[EventRounds "9"]
[EventCountry "CZE"]
[SourceTitle "EXT 2008"]
[Source "ChessBase"]
[SourceDate "2007.11.25"]
[SourceVersion "1"]
[SourceVersionDate "2007.11.25"]
[SourceQuality "1"]

1. e4 e5 2. Nf3 Nc6 3. Bc4 Nf6 4. Ng5 d5 5. exd5 Na5 6. d3 Nxc4 7. dxc4 h6 8. Nf3 Bg4 9. h3 Bh5 10. Nc3 Bb4 11. Bd2 e4 12. Nxe4 Bxd2+ 13. Nexd2 Qe7+ 14. Qe2 Qxe2+ 15. Kxe2 0-0 16. Rhe1 Rfe8+ 17. Kf1 Kf8 18. Nd4 a6 19. b4 Nd7 20. b5 axb5 21. Nxb5 Rac8 22. d6 c6 23. Nd4 c5 24. Nf5 Bg6 25. Ne7 Rcd8 26. Nxg6+ fxg6 27. Re2 Nf6 28. Rae1 Rxd6 29. Nf3 Ne4 30. Rxe4 Rxe4 31. Rxe4 Rd1+ 32. Re1 Rxe1+ 33. Kxe1 Ke7 34. Ne5 g5 35. a4 Ke6 36. Nd3 Kd6 37. f4 gxf4 38. Nxf4 Ke5 39. Nd3+ Kd4 40. g4 Kxc4 41. Ne5+ Kb4 42. Nd7 b5 43. axb5 Kxb5 44. h4 c4 45. g5 Kb4 46. gxh6 gxh6 47. h5 Kc3 48. Kd1 Kd4 49. Nf6 Ke5 50. Ng4+ Kf5 51. Nxh6+ Kg5 52. Nf7+ Kxh5 53. Ne5 c3 54. Ke2 Kg5 55. Kd3 Kf5 56. Nc6 Ke6 57. Nd4+ Kd5 58. Kxc3 Kc5 59. Nb3+ Kd6 60. Kd3 Kc6 61. c4 Kb6 62. Kd4 Kc6 63. c5 Kd7 64. Kd5 Kc7 65. c6 Kd8 66. Kd6 Kc8 67. c7 Kb7 68. Kd7 1-0

[Event "CZE-ch U14 Girls"]
[Site "Zlate Hory"]
[Date "2006.03.11"]
[Round "1"]
[White "Sediva, Kamila"]
[Black "Palkova, Nikola"]
[Result "0-1"]
[WhiteElo "1250"]
[BlackElo "1587"]
[PlyCount "38"]
[EventDate "2006.03.11"]
[EventType "swiss"]
[EventRounds "9"]
[EventCountry "CZE"]
[SourceTitle "EXT 2008"]
[Source "ChessBase"]
[SourceDate "2007.11.25"]
[SourceVersion "1"]
[SourceVersionDate "2007.11.25"]
[SourceQuality "1"]

1. e4 e5 2. Nf3 Nc6 3. Nc3 Bb4 4. Bb5 d6 5. d3 Bg4 6. Bd2 Nf6 7. h3 Bh5 8. Qe2 Qd7 9. a3 Ba5 10. b4 Bb6 11. 0-0 a6 12. Ba4 Ba7 13. Nd5 b5 14. Bb3 Nd4 15. Nxf6+ gxf6 16. Qd1 Nxf3+ 17. gxf3 Qxh3 18. Bd5 Rg8+ 19. Bg5 Rxg5# 0-1

[Event "CZE Juniorcentrum op-D"]
[Site "Sec u Chrudimi"]
[Date "2005.10.23"]
[Round "2"]
[White "Sediva, Kamila"]
[Black "Simurdova, Zdenka"]
[Result "0-1"]
[WhiteElo "1250"]
[BlackElo "1370"]
[PlyCount "50"]
[EventDate "2005.10.22"]
[EventType "swiss"]
[EventRounds "9"]
[EventCountry "CZE"]
[SourceTitle "EXT 2008"]
[Source "ChessBase"]
[SourceDate "2007.11.25"]
[SourceVersion "1"]
[SourceVersionDate "2007.11.25"]
[SourceQuality "1"]

1. e4 e5 2. Nf3 Nc6 3. Nc3 Nf6 4. Bb5 Bb4 5. 0-0 0-0 6. Bxc6 dxc6 7. Nxe5 Nxe4 8. Nxe4 Qd5 9. Nc4 Qxe4 10. d3 Qg6 11. Qf3 Bg4 12. Qg3 Be2 13. Qxg6 hxg6 14. Ne3 Bxf1 15. Kxf1 Bd6 16. h3 Bf4 17. Nc4 Bxc1 18. Rxc1 Rfe8 19. f3 Re6 20. c3 Rae8 21. Rd1 Re2 22. a3 Rc2 23. b4 Ree2 24. d4 Rf2+ 25. Ke1 Rce2# 0-1